000
00391nam a2200133Ia 4500
008
100328s9999 xx 000 0 und d
082
_b
74312
100
_a
टिळक अशोक देवदत्त
245
_a
टक्करमाळ.
260
_b
वाङेमयसेवा.
630
_a
टक्करमाळ.
730
_a
टक्करमाळ.
942
_c
BOOK
999
_c
560033
_d
560030